[Event "HUN-chT2 Erkel 1617"]
[Site "Hungary"]
[Date "2017.04.09"]
[Round "11.3"]
[White "Gara, Peter"]
[Black "Szepes, Tamas"]
[Result "1-0"]
[WhiteElo "2208"]
[BlackElo "2174"]
[PlyCount "33"]
[EventDate "2016.09.25"]
[EventType "team-tourn"]
[EventRounds "11"]
[EventCountry "HUN"]
[SourceTitle "EXT 2021"]
[Source "ChessBase"]
[SourceDate "2020.10.23"]
[SourceVersion "1"]
[SourceVersionDate "2020.10.23"]
[SourceQuality "1"]
[WhiteTeam "Sarkany DSE"]
[BlackTeam "Pestszentlorinc"]
[WhiteTeamCountry "HUN"]
[BlackTeamCountry "HUN"]

1. e4 e5 2. d4 exd4 3. Qxd4 Nc6 4. Qe3 b6 5. Nc3 Nf6 6. Bd2 Bc5 7. Qg3 Qe7 8. 0-0-0 g6 9. Bg5 Nxe4 10. Nxe4 Qxe4 11. f3 Qb4 12. a3 Qa5 13. Bd2 Qa4 14. Re1+ Kd8 15. Bg5+ Be7 16. Bxe7+ Nxe7 17. Rxe7 1-0

[Event "Balatonalmadi Pannonia Cup 20th"]
[Site "Balatonalmadi"]
[Date "2015.07.30"]
[Round "2"]
[White "Szepes, Tamas"]
[Black "Csuta, Akos Koppany"]
[Result "1-0"]
[WhiteElo "2194"]
[BlackElo "1975"]
[PlyCount "87"]
[EventDate "2015.07.29"]
[EventType "swiss"]
[EventRounds "7"]
[EventCountry "HUN"]
[SourceTitle "EXT 2016"]
[Source "ChessBase"]
[SourceDate "2015.10.08"]
[SourceVersion "1"]
[SourceVersionDate "2015.10.08"]
[SourceQuality "1"]

1. Nf3 Nf6 2. c4 e6 3. d4 d5 4. g3 dxc4 5. Bg2 a6 6. a4 Nc6 7. 0-0 Bb4 8. Qc2 Nxd4 9. Nxd4 Qxd4 10. Na3 Bxa3 11. Rxa3 Nd5 12. e3 Qc5 13. e4 Ne7 14. Be3 Qb4 15. Rc3 b5 16. b3 cxb3 17. Rxb3 Qxa4 18. Qb2 b4 19. Rxb4 Qa5 20. Ra1 Qh5 21. Qxg7 Rg8 22. Qc3 Bd7 23. Rb7 Nc6 24. Rxc7 Ne5 25. Bf4 Ng6 26. Bd6 e5 27. Rb1 Rd8 28. Rxd7 Kxd7 29. Rb7+ Ke6 30. Qc4+ Kf6 31. Rxf7+ Kg5 32. Rf5+ Kh6 33. Rxh5+ Kxh5 34. Bf3+ Kh6 35. Qxa6 Ra8 36. Qf1 Rgd8 37. Qc1+ Kg7 38. Bh5 Rac8 39. Qb2 Rc4 40. Bxe5+ Kh6 41. Bxg6 hxg6 42. Bf4+ Kh7 43. Qb7+ Kg8 44. Bh6 1-0

[Event "HUN-chT2 Charousek 1314"]
[Site "Hungary"]
[Date "2014.04.13"]
[Round "10"]
[White "Kovacs, David"]
[Black "Szepes, Tamas"]
[Result "0-1"]
[WhiteElo "2200"]
[BlackElo "2228"]
[PlyCount "72"]
[EventDate "2013.09.08"]
[EventType "team-tourn"]
[EventRounds "11"]
[EventCountry "HUN"]
[SourceTitle "EXT 2016"]
[Source "ChessBase"]
[SourceDate "2015.10.08"]
[SourceVersion "1"]
[SourceVersionDate "2015.10.08"]
[SourceQuality "1"]
[WhiteTeam "Geniusz Tata"]
[BlackTeam "Taban Spartacus"]
[WhiteTeamCountry "HUN"]
[BlackTeamCountry "HUN"]

1. e4 e5 2. Nf3 Nc6 3. Bb5 a6 4. Ba4 Nf6 5. 0-0 Be7 6. Re1 b5 7. Bb3 0-0 8. d4 d6 9. c3 exd4 10. cxd4 Bg4 11. Be3 Na5 12. Bc2 Nc4 13. Bc1 c5 14. b3 Nb6 15. Bb2 Rc8 16. Nbd2 Qc7 17. Rc1 Nfd7 18. h3 Bh5 19. Qe2 Rfe8 20. a4 bxa4 21. bxa4 a5 22. g4 Bg6 23. Bc3 cxd4 24. Bxa5 Bf6 25. Nb3 d5 26. Nfxd4 dxe4 27. Bb1 Qf4 28. Bd2 Qd6 29. Nb5 Qd5 30. Ba2 Be5 31. Be3 Bb8 32. Bd4 Qg5 33. Rxc8 Rxc8 34. a5 Qf4 35. Qe3 Qh2+ 36. Kf1 Bf4 0-1

[Event "Budapest op 3rd"]
[Site "Budapest"]
[Date "2013.08.25"]
[Round "9"]
[White "Bodrogi, Laszlo"]
[Black "Szepes, Tamas"]
[Result "0-1"]
[WhiteElo "2015"]
[BlackElo "2248"]
[PlyCount "80"]
[EventDate "2013.08.17"]
[EventType "swiss"]
[EventRounds "9"]
[EventCountry "HUN"]
[SourceTitle "CBM 156 Extra"]
[Source "ChessBase"]
[SourceDate "2013.10.22"]
[SourceVersion "1"]
[SourceVersionDate "2013.10.22"]
[SourceQuality "1"]

1. d4 d5 2. c4 e6 3. Nc3 Nf6 4. Bg5 Be7 5. e3 0-0 6. Nf3 h6 7. Bh4 b6 8. Qb3 dxc4 9. Bxc4 Bb7 10. Rd1 Nbd7 11. 0-0 Ne4 12. Bxe7 Qxe7 13. Nxe4 Bxe4 14. Bd3 Bb7 15. Bb1 Rfd8 16. e4 c5 17. Qe3 Rac8 18. Qa3 a5 19. Rfe1 Qf8 20. Qb3 c4 21. Qc2 b5 22. e5 g6 23. Nh4 Nb6 24. Re3 Rd7 25. Rg3 Bd5 26. Qd2 b4 27. Nxg6 fxg6 28. Rxg6+ Rg7 29. Qxh6 Rxg6 30. Qxg6+ Qg7 31. f3 Qxg6 32. Bxg6 a4 33. a3 c3 34. bxc3 bxa3 35. Kf2 Rxc3 36. Ke2 a2 37. Kd2 Rb3 38. Bd3 Nc4+ 39. Bxc4 Bxc4 40. Kc2 Rb1 0-1

[Event "Budapest-chT1 Lilienthal 1213"]
[Site "Budapest"]
[Date "2012.11.25"]
[Round "4"]
[White "Szepes, Tamas"]
[Black "Kis, Bela"]
[Result "0-1"]
[WhiteElo "2228"]
[BlackElo "2130"]
[PlyCount "74"]
[EventDate "2012.09.30"]
[EventType "team-tourn"]
[EventRounds "11"]
[EventCountry "HUN"]
[SourceTitle "EXT 2019"]
[Source "ChessBase"]
[SourceDate "2018.10.10"]
[SourceVersion "1"]
[SourceVersionDate "2018.10.10"]
[SourceQuality "1"]
[WhiteTeam "Budapest RAC"]
[BlackTeam "Budapest Vasas II"]
[WhiteTeamCountry "HUN"]
[BlackTeamCountry "HUN"]

1. d4 Nf6 2. c4 c5 3. d5 e6 4. Nc3 exd5 5. cxd5 d6 6. e4 g6 7. Be2 Bg7 8. Bg5 0-0 9. f3 a6 10. a4 Nbd7 11. Nh3 h6 12. Be3 g5 13. Nf2 Nh5 14. Qd2 Qf6 15. Ng4 Qg6 16. Bd3 Ne5 17. Nxe5 Bxe5 18. 0-0-0 b5 19. Ne2 bxa4 20. g4 Nf6 21. h4 Rb8 22. hxg5 hxg5 23. Nc3 a3 24. bxa3 Rb3 25. Nb1 c4 26. Bxc4 Rxe3 27. Rh3 Bf4 28. Kc2 Bd7 29. Rdh1 Kg7 30. Bd3 Ba4+ 31. Kb2 Rb8+ 32. Ka1 Be5+ 33. Nc3 Rb3 34. Rc1 Nxg4 35. Ka2 Qf6 36. Nxa4 Rexd3 37. Qc2 Rxa3+ 0-1

[Event "Budapest op 08"]
[Site "Budapest"]
[Date "2012.08.24"]
[Round "7"]
[White "Szepes, Tamas"]
[Black "Gubics, Peter"]
[Result "1-0"]
[WhiteElo "2227"]
[BlackElo "2149"]
[PlyCount "81"]
[EventDate "2012.08.18"]
[EventType "swiss"]
[EventRounds "9"]
[EventCountry "HUN"]
[SourceTitle "EXT 2014"]
[Source "ChessBase"]
[SourceDate "2013.11.20"]
[SourceVersion "1"]
[SourceVersionDate "2013.11.20"]
[SourceQuality "1"]

1. d4 Nf6 2. c4 g6 3. Nc3 d5 4. Bf4 Bg7 5. e3 0-0 6. Nf3 c5 7. dxc5 Qa5 8. Rc1 dxc4 9. Bxc4 Qxc5 10. Bb3 Nc6 11. 0-0 Qa5 12. h3 Bf5 13. Qe2 Ne4 14. Nd5 e5 15. Bh2 Be6 16. Qc4 Nd2 17. Nxd2 Qxd2 18. Qb5 a6 19. Qc5 Bxd5 20. Bxd5 Rac8 21. Rc2 Qd3 22. Rc3 Qf5 23. e4 Qd7 24. Qb6 Nd4 25. Rxc8 Rxc8 26. Qxb7 Qxb7 27. Bxb7 Rb8 28. Bxa6 Rxb2 29. Bc4 Ne2+ 30. Kh1 Nc3 31. f3 Nxa2 32. Ra1 Nb4 33. Ra8+ Bf8 34. Bxe5 Rb1+ 35. Kh2 Rd1 36. Ra7 Bd6 37. Bxd6 Rxd6 38. Rxf7 Kh8 39. e5 Rc6 40. e6 Rc8 41. e7 1-0

[Event "Budapest op 08"]
[Site "Budapest"]
[Date "2012.08.18"]
[Round "1"]
[White "Szepes, Tamas"]
[Black "Czimer, Jozsef"]
[Result "1-0"]
[WhiteElo "2227"]
[BlackElo "1791"]
[PlyCount "85"]
[EventDate "2012.08.18"]
[EventType "swiss"]
[EventRounds "9"]
[EventCountry "HUN"]
[SourceTitle "EXT 2014"]
[Source "ChessBase"]
[SourceDate "2013.11.20"]
[SourceVersion "1"]
[SourceVersionDate "2013.11.20"]
[SourceQuality "1"]

1. d4 d5 2. c4 e6 3. Nc3 Nf6 4. cxd5 exd5 5. Bg5 Be7 6. e3 0-0 7. Bd3 Nbd7 8. Qc2 c6 9. Nf3 h6 10. Bh4 Re8 11. 0-0 Bd6 12. Rab1 b6 13. b4 Qc7 14. Rfc1 Qb8 15. Bf5 g5 16. Bg3 Bxg3 17. hxg3 Bb7 18. b5 c5 19. dxc5 Nxc5 20. Nd4 Qd6 21. Na4 Nfe4 22. Nxc5 Nxc5 23. Rb2 Bc8 24. Bh7+ Kh8 25. Nb3 Na4 26. Rbb1 Qf6 27. Bd3 Bb7 28. Na5 Nc5 29. Nxb7 Nxb7 30. Qc6 Qxc6 31. Rxc6 Kg7 32. Be2 Re7 33. Rd1 Rd8 34. Bf3 Red7 35. a4 Na5 36. Rc3 Nc4 37. Rd4 Ne5 38. Rc1 Kf6 39. Rcd1 Ke6 40. Be2 f6 41. f4 Ng6 42. f5+ Kxf5 43. Bd3+ 1-0